000 00649nam a2200181Ia 4500
008 090123s9999 xx 000 0 und d
082 _b28640
_a891.463/तिबिले
100 _aतिबिले अनंत दत्तत्रय
245 _aखुनाचे रहस्य
250 _a1
260 _bशांती प्रकाशन
_c1998
300 _a182
600 _aतिबिले अनंत दत्तत्रय
630 _aखुनाचे रहस्य
700 _aतिबिले अनंत दत्तत्रय
730 _aखुनाचे रहस्य
942 _cBOOK
999 _c67175
_d67175